000 00461nam a22001697a 4500
003 SISC
005 20160216091950.0
008 140224t xxu||||| |||| 00| 0 eng d
020 _a9710850679
050 _aQH 430
_b.B869 1989
100 _aBurns, George
_930627
245 _aThe science of genetics /
_cGeorge Burns.
260 _aNew York :
_bMacmillan Publishing Company,
_c1989.
300 _a491 p. :
_bill. ;
_c30 cm.
942 _2lcc
_cBK
999 _c42347
_d42347